Historia, economía y sociedad en los pueblos de habla inglesa del Caribe / Mario G. del Cuesto (Registro nro. 4153)

Detalles MARC
000 -LEADER
fixed length control field 00482nam a22001691a 4500
001 - CONTROL NUMBER
control field 4153
003 - CONTROL NUMBER IDENTIFIER
control field OSt
005 - DATE AND TIME OF LATEST TRANSACTION
control field 20260204211917.0
008 - FIXED-LENGTH DATA ELEMENTS--GENERAL INFORMATION
fixed length control field 050728s1982||||cu ||||||b||||||||||spa||
050 ## - LIBRARY OF CONGRESS CALL NUMBER
Classification number 330.9 C849h
100 ## - ASIENTO PRINCIPAL -- NOMBRE PERSONAL
Personal name Del Cueto, Mario
245 ## - TÍTULO PROPIAMENTE DICHO: SUBTÍTULO
Title Historia, economía y sociedad en los pueblos de habla inglesa del Caribe / Mario G. del Cuesto
264 ## - PRODUCTION, PUBLICATION, DISTRIBUTION, MANUFACTURE, AND COPYRIGHT NOTICE
Place of production, publication, distribution, manufacture Cuba: Editorial de Ciencias y Sociedad
300 ## - PHYSICAL DESCRIPTION
Extensión 106 p
650 ## - ASIENTO SECUNDARIO DE MATERIA -- TERMINO TEMÁTICO
Termino Temático Como Elemento de Entrada 1.Historia EconómicaÌ
942 ## - ADDED ENTRY ELEMENTS (KOHA)
Source of classification or shelving scheme Dewey Decimal Classification
Koha item type Libros
Existencias
Withdrawn status Lost status Source of classification or shelving scheme Damaged status Not for loan Current library Date acquired Total Checkouts Full call number Barcode Date last seen Price effective from Koha item type
    Dewey Decimal Classification     Biblioteca UTECO 09/09/2019   330.9 C849H 008962 09/09/2019 09/09/2019 Libros
© 2021 Derechos Reservados UTECO - Teléfono: +1 809-585-2291 - Correo electrónico: biblioteca@uteco.edu.do​  
Código postal 43000 ​​
Dirección: Avenida Universitaria No. 100, 
Cotuí, Provincia Sánchez Ramírez, República Dominicana - RNC: 404-00059-6